000 00517nam a2200181Ia 4500
005 20250110114855.0
008 210716s1962 xx 000 0 und d
040 _cAIMIT LIBRARY
041 _aeng
082 _a808.83
_21
_bKESK
100 _aKesey, Ken.
_9192991
245 _aOne flew over the cuckoos nest /
_cBy Ken Kesey.
250 _a1st ed.
260 _aNew York :
_bNew American Library ;
_c1962.
300 _a272p. ;
_bPB
_c18 cm.
650 _aNovels
_9192992
942 _2ddc
_cBK
_e1st ed.
_k808.83 KESK
999 _c200039
_d200039